Loading...
| Current Events | 2 | 3 | 0 | 0 | 60 | 17 | 63.40 | 5 | 5 |
| Fine Arts - Visual Fine Arts | 1 | 2 | 0 | 0 | 35 | 60 | 104.00 | 2 | 3 |
| Social Science | 1 | 2 | 1 | 0 | 30 | 46 | 75.33 | 1 | 3 |
| Fine Arts - Auditory Fine Arts | 0 | 3 | 0 | 1 | 30 | 132 | 144.67 | 0 | 3 |
| Literature - World Literature | 1 | 1 | 0 | 0 | 25 | 87 | 89.50 | 2 | 2 |
| Religion | 1 | 1 | 1 | 1 | 20 | 66 | 102.00 | 2 | 2 |
| Geography | 2 | 0 | 2 | 0 | 20 | 53 | 63.00 | 2 | 2 |
| History - World History | 1 | 1 | 1 | 0 | 20 | 39 | 64.50 | 1 | 2 |
| Other Academic | 1 | 0 | 0 | 0 | 15 | 32 | 32.00 | 1 | 1 |
| Philosophy | 0 | 1 | 0 | 0 | 10 | 116 | 116.00 | 0 | 1 |
| Mythology | 0 | 1 | 0 | 0 | 10 | 96 | 96.00 | 0 | 1 |
| Science - Biology | 0 | 1 | 0 | 0 | 10 | 100 | 100.00 | 0 | 1 |
| Science - Other Science | 0 | 1 | 0 | 0 | 10 | 112 | 112.00 | 1 | 1 |
| History - European History | 0 | 1 | 0 | 0 | 10 | 97 | 97.00 | 0 | 1 |
| History - American History | 0 | 1 | 1 | 0 | 5 | 80 | 80.00 | 1 | 1 |